UM Logo

Bilingualism in instruction and the communicative competence of fourth year students/ (Record no. 3026)

MARC details
000 -LEADER
fixed length control field 00642nam a22001697a 4500
008 - FIXED-LENGTH DATA ELEMENTS--GENERAL INFORMATION
fixed length control field 160604b xxu||||| |||| 00| 0 eng d
082 ## - DEWEY DECIMAL CLASSIFICATION NUMBER
Edition number 2008
Classification number UT 0164
Item number Sa73
100 ## - MAIN ENTRY--PERSONAL NAME
9 (RLIN) 10111
Personal name Sargado, Franklin John O.
245 ## - TITLE STATEMENT
Title Bilingualism in instruction and the communicative competence of fourth year students/
Statement of responsibility, etc. Franklin John O. Sagrado [and three others].
260 ## - PUBLICATION, DISTRIBUTION, ETC. (IMPRINT)
Place of publication, distribution, etc. Digos City:
Name of publisher, distributor, etc. UMDC
Date of publication, distribution, etc. October 2008.
300 ## - PHYSICAL DESCRIPTION
Extent 72 pages;
Dimensions 28 cm.
650 #0 - SUBJECT ADDED ENTRY--TOPICAL TERM
9 (RLIN) 10110
Topical term or geographic name as entry element Education
Form subdivision Filipino
General subdivision Undergraduate thesis.
700 ## - ADDED ENTRY--PERSONAL NAME
9 (RLIN) 10107
Personal name Patao-in, Christine A.
700 ## - ADDED ENTRY--PERSONAL NAME
9 (RLIN) 10108
Personal name Abule, Felix S.
Numeration Jr.
700 ## - ADDED ENTRY--PERSONAL NAME
9 (RLIN) 10109
Personal name Bedania, Alma D.
942 ## - ADDED ENTRY ELEMENTS (KOHA)
Source of classification or shelving scheme Dewey Decimal Classification
Koha item type Undergraduate Thesis
Holdings
Withdrawn status Lost status Source of classification or shelving scheme Damaged status Not for loan Collection code Home library Current library Date acquired Total Checkouts Full call number Barcode Date last seen Price effective from Koha item type
    Dewey Decimal Classification     Undergraduate Theses UM Digos College - LIC UM Digos College - LIC 06/04/2016   UT 0164 Sa73 2008 UT0164 06/04/2016 06/04/2016 Undergraduate Thesis